|
|
|
|
| LEADER |
01249nam a2200325 a 4500 |
| 001 |
38297 |
| 003 |
BD-DhAAL |
| 005 |
20220406105457.0 |
| 008 |
220403t2005 nyu 001 0aeng |
| 999 |
|
|
|c 43951
|d 43951
|
| 010 |
|
|
|a 2005046259
|
| 020 |
|
|
|a 1401300294
|
| 040 |
|
|
|a DLC
|c DLC
|d DLC
|d BD-DhAAL
|
| 042 |
|
|
|a pcc
|
| 050 |
0 |
0 |
|a PN4874.W283
|b A3 2005
|
| 082 |
0 |
0 |
|a 070.92
|2 22
|
| 100 |
1 |
|
|a Wallace, Mike,
|d 1918-2012.
|9 47647
|
| 245 |
1 |
0 |
|a Between you and me :
|b a memoir /
|c Mike Wallace with Gary Paul Gates.
|
| 250 |
|
|
|a First edition
|
| 260 |
|
|
|a New York :
|b Hyperion,
|c c2005.
|
| 300 |
|
|
|a 292 pages ;
|c 25 cm.
|e videodisc (4 3/4 in.).
|
| 500 |
|
|
|a Includes index.
|
| 541 |
|
|
|a Donated By Akbar Ali Khan
|e 38297
|
| 600 |
1 |
0 |
|a Wallace, Mike,
|d 1918-2012.
|9 47647
|
| 650 |
|
0 |
|a Journalists
|z United States
|v Biography.
|9 47648
|
| 700 |
1 |
|
|a Gates, Gary Paul.
|9 47649
|
| 852 |
|
|
|a Ayesha Abed Library
|c Akbar Ali Khan Collection
|
| 856 |
4 |
2 |
|3 Contributor biographical information
|u http://www.loc.gov/catdir/enhancements/fy1309/2005046259-b.html
|
| 942 |
|
|
|2 ddc
|c BK
|
| 952 |
|
|
|0 0
|1 0
|2 ddc
|4 0
|6 070_920000000000000_WAL
|7 1
|9 70343
|a BRACUL
|b BRACUL
|c AAKC
|d 2022-04-03
|e Donated by Akbar Ali Khan
|l 0
|o 070.92 WAL
|p 3010038297
|r 2022-04-03
|t 1
|w 2022-04-03
|y BK
|